000 00952pam a2200277 a 4500
005 20260322212018.0
008 data
010 _a 92005268
020 _a0140361235 (pbk.)
020 _a9780140361230 (pbk.)
040 _aDLC
_cDLC
_dDLC
042 _alcac
050 0 0 _aPR6025.I65
_bW5 1992
082 0 0 _a821/.912
_220
099 _aMILNEA
100 1 _aMilne, A. A.
_d1882-1956.
_q(Alan Alexander),
245 1 0 _aWhen we were very young /
_cA. A. Milne & Ernest H. Shepard.
260 _aNew York, N.Y., U.S.A. :
_bPuffin Books,
_c1992.
300 _a100 p. :
_bill. ;
_c20 cm.
500 _aOriginally published: New York : E.P. Dutton, 1924.
520 _aA collection of poems reflecting the experiences of a little English boy growing up in the early part of the twentieth century.
650 0 _aChildren's poetry, English.
650 1 _aEnglish poetry.
700 1 _aShepard, Ernest H.
_d1879-1976,
_q(Ernest Howard),
_eill.
001 data
999 _c392
_d392